| 000 | 00608nam a2200217Ia 4500 | ||
|---|---|---|---|
| 003 | OSt | ||
| 005 | 20230530105226.0 | ||
| 008 | 210423s2010 xx 000 0 und d | ||
| 020 | _a978-81-89948-40-5 | ||
| 040 | _cAL | ||
| 041 | _aeng | ||
| 082 | _a820.9 COPE | ||
| 100 |
_aCOPPEE (Henry) _9116487 |
||
| 245 | _aEnglish literature: the interpreter of English history | ||
| 260 |
_aNew Delhi _bSrishti Book Distributors _c2010 |
||
| 300 |
_axvii,457 _bHB |
||
| 365 |
_b1800 _cINR |
||
| 650 |
_aEnglish Literature _9116488 |
||
| 906 | _aEnglish ; history ; interpreter ; literature: | ||
| 942 |
_2ddc _cBK |
||
| 999 |
_c168384 _d168384 |
||